Let's Draw the African Borders Quiz Stats

 Plays Quiz Updated Jul 2, 2018

Score 0/111 Timer 20:00
36 Plays Today
% Correct
LY - EG
72.8%
MA - DZ
72.4%
EG - SD
72.3%
ET - SO
71.9%
DZ - TN
71.9%
DZ - LY
71.6%
NA - ZA
71.4%
SD - SS
71.2%
TN - LY
71.2%
ZA - LS
71.1%
MA - EH
71%
AO - NA
70.9%
KE - SO
70.3%
BW - ZA
70.2%
NE - NG
70%
LY - SD
69.8%
ET - KE
69.8%
KE - TZ
69.7%
LY - TD
69.7%
TD - SD
69.6%
EH - MR
69.4%
NA - BW
69.3%
MR - ML
69.3%
ET - DJ
69.1%
SD - ET
69.1%
ET - ER
68.8%
NG - CM
68.7%
DZ - NE
68.7%
SD - ER
68.6%
ML - DZ
68.5%
MR - SN
68%
BJ - NG
67.9%
LY - NE
67.9%
NE - TD
67.7%
TZ - MZ
67.5%
ZA - SZ
67%
MR - DZ
67%
% Correct
MW - MZ
66.9%
CI - GH
66.8%
DJ - SO
66.7%
ML - NE
66.8%
GM - SN
66.7%
AO - CD
66.6%
ZW - ZA
66.5%
TG - BJ
66.5%
BW - ZW
66.2%
GH - TG
66.2%
MA - ES
66.1%
SS - ET
65.6%
TD - CF
65.5%
ER - DJ
65.3%
AO - ZM
65.3%
ZA - MZ
65.2%
EH - DZ
65%
CD - ZM
64.7%
ZW - MZ
64.6%
CM - GQ
64.6%
LR - CI
64.6%
UG - KE
64.5%
CF - SD
64.5%
CM - TD
64.5%
SS - KE
64.2%
ML - BF
63.7%
SZ - MZ
63.7%
ZM - ZW
63.3%
SS - UG
63.3%
SN - ML
63.2%
TZ - MW
63%
BF - GH
62.9%
NE - BJ
62.9%
ZM - MW
62.7%
GQ - GA
62.6%
BF - TG
62.4%
CG - CD
62.3%
% Correct
CD - UG
62.3%
BF - BJ
62.2%
CF - CD
62.1%
BF - NE
62%
CI - BF
61.7%
SL - LR
61.6%
CF - SS
61.3%
GN - ML
61.3%
GA - CG
61.2%
NA - ZM
60.9%
UG - TZ
60.7%
NG - TD
60.7%
SS - CD
60.7%
TZ - ZM
60.7%
ML - CI
60.6%
CM - GA
60.4%
GW - GN
60.3%
ZA - MZ
60%
GN - SL
59.9%
CD - RW
59.6%
CM - CF
59.5%
SN - GW
59%
CD - TZ
58.9%
RW - BI
58.9%
UG - RW
58.8%
GN - CI
58.3%
ZM - MZ
58.2%
CD - BI
57.7%
MA - ES
57.7%
SN - GN
57.2%
CM - CG
57%
GN - LR
56.7%
CF - CG
56.6%
RW - TZ
56.5%
BI - TZ
55.7%
CD - AO
51.7%
AO - CG
49.7%

You're not logged in!

Compare scores with friends on all Sporcle quizzes.
Join for Free
OR
Log In

You Might Also Like...

Show Comments

Extras

Top Quizzes Today


Score Distribution

Your Account Isn't Verified!

In order to create a playlist on Sporcle, you need to verify the email address you used during registration. Go to your Sporcle Settings to finish the process.

Report this User

Report this user for behavior that violates our Community Guidelines.

Details: